书目信息 |
| 题名: |
18世纪的中国与世界:农民卷
|
|
| 作者: | 徐浩 著 | |
| 分册: | ||
| 出版信息: | 沈阳 辽海出版社 1999.06 |
|
| 页数: | 438页 | |
| 开本: | 32开 | |
| 丛书名: | ||
| 单 册: | ||
| 中图分类: | D819 | |
| 科图分类: | ||
| 主题词: | 国际关系 | |
| 电子资源: | ||
| ISBN: | 7-80638-382-4 | |
| 000 | 00552nam0 2200193 45 | |
| 001 | 0105140925 | |
| 005 | 20010514092807.0 | |
| 010 | @a7-80638-382-4@d32.80元 | |
| 100 | @a20010514d1999 km y0chiy0120 ea | |
| 101 | 0 | @achi |
| 105 | @a z 000yy | |
| 200 | 1 | @a18世纪的中国与世界:农民卷@A18 Shi Ji De Zhong Guo Yu Shi Jie:Nong Min Juan@f徐浩著@FXu Hao Zhu |
| 210 | @a沈阳@c辽海出版社@d1999.06 | |
| 215 | @a438页@d32开 | |
| 606 | 0 | @a国际关系 |
| 690 | @aD819@v3 | |
| 701 | 0 | @a徐浩@4著 |
| 801 | @aCN@bPftUser@c20010514 | |
| 905 | @b342780@dD819@eX.138@f1 | |
| 18世纪的中国与世界:农民卷/徐浩著.-沈阳:辽海出版社,1999.06 |
| 438页;32开 |
| ISBN 7-80638-382-4:32.80元 |
| ● |
| 相关链接 |
|
|
|
正题名:18世纪的中国与世界:农民卷
索取号:D819/X.138
 
预约/预借
| 序号 | 登录号 | 条形码 | 馆藏地/架位号 | 状态 | 备注 |
| 1 | 342780 | 203427808 | 社科库509/ [索取号:D819/X.138] | 在馆 |